| 000 -LEADER |
| fixed length control field |
00851pab a2200145 454500 |
| 008 - FIXED-LENGTH DATA ELEMENTS--GENERAL INFORMATION |
| fixed length control field |
180718b2001 xxu||||| |||| 00| 0 eng d |
| 245 ## - TITLE STATEMENT |
| Title |
PEOPLE-centered, growth-oriented governance |
| 260 ## - PUBLICATION, DISTRIBUTION, ETC. |
| Date of publication, distribution, etc. |
2001 |
| 300 ## - PHYSICAL DESCRIPTION |
| Extent |
p.1-11. |
| 362 ## - DATES OF PUBLICATION AND/OR SEQUENTIAL DESIGNATION |
| Dates of publication and/or sequential designation |
Jul |
| 520 ## - SUMMARY, ETC. |
| Summary, etc. |
In this paper, the Government of Andhra Pradesh have drawn up a vision for 2020 by which time the government would have withdrawn from sectors best operated by the private sector, while retaining their responsibility as a prudent regular to ensure social equity and fair competition in the new circumstances. The government would also refocus public spending towards achieving developmental goals; and undertake focused communication to address concerns arising from the dramatic changes involved. - Reproduced. |
| 650 ## - SUBJECT ADDED ENTRY--TOPICAL TERM |
| Topical term or geographic name entry element |
Public administration |
| 773 ## - HOST ITEM ENTRY |
| Main entry heading |
Administrator |
| 909 ## - |
| -- |
52645 |